000 00719nam a2200253 i 4500
001 000027517
003 DO-SdBNP
005 20250909081208.0
007 ta
008 110401s1980 dr 000 0 spa d
040 _aDO-SdBNP
_bspa
_cBNPHU
_erda
041 _aspa
049 _aBNPD
082 4 _axxxx
_bF385m
_222
100 1 _aFerreras, Ramón A.
_eautor
_4aut.
_936313
245 1 0 _aMártires de la libertad /
_cRamón A. Ferreras.
264 1 _aSanto Domingo :
_bPublicaciones América,
_c1980.
300 _a252 página ;
_c21 cm.
336 _atexto
_btxt
_2rdacontent
337 _asin mediación
_bn
_2rdamedia
338 _avolumen
_bnc
_2rdacarrier
590 _aInventariado, 2025/BT
942 _2ddc
_cLBS1
999 _c27009
_d27009